000 00446cam a2200181ua 4500
020 _c6.00
041 _aeng
_h
082 _a537
_bYAR/IN
100 _aYarwood, T.M .
245 _aIntroductory magnetisam and electricity /
_cT.M.Yarwood.
_hTextual Documents
250 _a1 /
_b.
260 _a :
_bMacMillan and Company Limited ,
_c1964.
300 _a161 ; .
365 _a6.00
504 _a
942 _cBK
999 _c1837
_d1837